000 00492nam a2200181Ia 4500
001 16174
005 20260306170250.0
008 260306t2009||||xx |||||||||||||| ||und||
041 _aESP
082 _a347.02
_bG63 2009
100 _aGómez Aguirre, Antonio
_eAUT
245 0 _aPrincipales problemas relacionados con los comprobantes de pago y guías de remisión
260 _c2009
300 _a270 páginas :
_c24 cm.
650 _aGEN
654 _aCDE
942 _cLIB
_dJUS
_fJUS
_2ddc
_n
999 _c16174
_d16174